3 grösste Gemeinden pro Kanton mit Karte - Statistiken

Allgemein
  • Dieses Quiz wurde 333 mal gespielt
    332 seit der letzten Aktualisierung
  • Das Durchschnittsergebnis liegt bei 43 aus 78
Antworten auf der Karte
Die Antworten werden auf der Karte rot bzw. grün angezeigt, abhängig davon wie oft sie richtig erraten wurden.
 
Antwortstatistiken
Kanton Einwohner Gemeinde % Korrekt
Bern 134'591 Bern
95%
Genf 203'951 Genf
95%
Basel-Stadt 173'232 Basel
94%
Zürich 420'217 Zürich
94%
Luzern 82'257 Luzern
93%
St. Gallen 76'090 St. Gallen
91%
Freiburg 38'197 Freiburg
90%
Waadt 139'408 Lausanne
90%
Tessin 62'615 Lugano
90%
Schaffhausen 36'604 Schaffhausen
90%
Zug 30'618 Zug
90%
Neuenburg 44'588 Neuenburg
89%
Graubünden 37'082 Chur
88%
Solothurn 16'933 Solothurn
88%
Zürich 113'173 Winterthur
88%
Aargau 21'773 Aarau
87%
Schwyz 15'239 Schwyz
85%
Appenzell-Innerrhoden 5778 Appenzell
84%
Wallis 34'710 Sitten
84%
Bern 55'602 Biel/Bienne
83%
Glarus 12'511 Glarus
83%
Tessin 43'279 Bellinzona
82%
Bern 43'632 Thun
79%
Tessin 15'776 Locarno
77%
Thurgau 25'781 Frauenfeld
75%
Uri 9537 Altdorf
74%
Graubünden 10'862 Davos
73%
Jura 12'566 Delsberg
71%
Appenzell-Ausserrhoden 15'763 Herisau
71%
Solothurn 18'399 Olten
71%
Nidwalden 8254 Stans
70%
Aargau 19'547 Baden
67%
Obwalden 10'458 Sarnen
67%
Waadt 25'984 Montreux
62%
St. Gallen 24'159 Wil
60%
Luzern 31'043 Emmen
55%
Thurgau 22'188 Kreuzlingen
53%
Waadt 30'156 Yverdon-les-Bains
53%
Zug 16'893 Cham
52%
Neuenburg 37'494 La Chaux-de-Fonds
51%
Wallis 20'210 Martigny
51%
Zug 24'617 Baar
50%
Glarus 18'626 Glarus Nord
49%
St. Gallen 27'277 Rapperswil-Jona
49%
Glarus 9453 Glarus Süd
48%
Luzern 27'847 Kriens
48%
Zürich 35'007 Uster
48%
Graubünden 8926 Landquart
43%
Freiburg 23'871 Bulle
42%
Basel-Landschaft 17'910 Muttenz
42%
Schwyz 16'106 Einsiedeln
41%
Basel-Stadt 21'449 Riehen
41%
Solothurn 17'468 Grenchen
39%
Thurgau 14'796 Arbon
38%
Jura 6563 Pruntrut
38%
Schaffhausen 10'467 Neuhausen am Rheinfall
35%
Aargau 20'934 Wettingen
35%
Basel-Landschaft 21'090 Allschwil
29%
Basel-Stadt 1163 Bettingen
26%
Schwyz 16'506 Freienbach
26%
Nidwalden 5776 Hergiswil
26%
Genf 33'377 Lancy
26%
Wallis 17'894 Monthey
26%
Nidwalden 5285 Buochs
25%
Basel-Landschaft 19'181 Reinach
25%
Obwalden 6053 Alpnach
24%
Genf 34'958 Vernier
24%
Uri 5413 Schattdorf
22%
Schaffhausen 5547 Thayngen
21%
Obwalden 6295 Kerns
19%
Appenzell-Ausserrhoden 6362 Teufen
19%
Neuenburg 17'017 Val-de-Ruz
18%
Appenzell-Innerrhoden 2184 Schwende
16%
Appenzell-Ausserrhoden 4408 Speicher
16%
Uri 3995 Bürglen
15%
Appenzell-Innerrhoden 3692 Rüte
12%
Freiburg 12'228 Villars-sur-Glâne
12%
Jura 7071 Haute-Sorne
8%
Keine übereinstimmenden Quizze gefunden
Verteilung der Resultate
Anzahl Personen mit jedem Resultat
Perzentil nach korrekt beantworteten Fragen
Ihre Resultats-Entwicklung
Sie haben dieses Quiz seit der letzten Aktualisierung nicht gespielt